000 00624nam a2200229 a 4500
999 _c1866
_d1866
001 1866
003 BD-JhCC
005 20220120134022.0
008 171025s2005 -cna|||| || | 001 0 eng d
020 _a0471703192
035 _a(BD-JhCC)1866
040 _aBD-JhCC
_dBD-JhCC
041 _aeng
082 _222
_a658.872
_bRUB 2005
100 _aRubino, Joe
245 _aThe 7 Step System to Building a $1,000,000 Network Marketing Dynasty
_cJoe Rubino,
260 _aCanada :
_bJohn Wiley & Sons, Inc.
_c2005
300 _a220 p. :
_c24 cm.
650 _aMultilevel Marketing
942 _2ddc
_cBK
_02